000 00759nam a2200229 a 4500
001 BRCA_2832
005 20190320204005.0
008 091208s1961----nyua---###---#000-0#eng-u
050 4 _aN8660
_b.S45S4 1961
100 1 _aSeligman, Germain
_97929
245 1 0 _aMerchants of art
_b1880-1960, eighty years of professional collecting
_cGermain Seligman.
260 _aNew York
_bAppleton - Century Crofts
_c1961
300 _a294 p.
_bil.
_c25 cm.
500 _aIncluye índice de ilustraciones y notas de inventarios.
500 _aAA118
600 1 4 _aSeligman, Jacques
_d1858-1923
_97930
650 1 4 _aColeccionistas y colecciones
_97931
650 1 4 _aMarchands
_97443
650 1 4 _aArte
_xColeccionistas y colecciones
_97445
902 _aGFM
942 _2lcc
_cB
999 _c2571
_d2571